Modernization and stress in Japan
Wedi'i Gadw mewn:
| Fformat: | Llyfr |
|---|---|
| Iaith: | Undetermined |
| Cyhoeddwyd: |
Leiden
E. J. Brill
1975
|
| Pynciau: | |
| Tagiau: |
Ychwanegu Tag
Dim Tagiau, Byddwch y cyntaf i dagio'r cofnod hwn!
|
| Thư viện lưu trữ: | Trung tâm Học liệu Trường Đại học Cần Thơ |
|---|
| LEADER | 00566nam a2200193Ia 4500 | ||
|---|---|---|---|
| 001 | CTU_114428 | ||
| 008 | 210402s9999 xx 000 0 und d | ||
| 082 | |a 309.152 | ||
| 082 | |b M689 | ||
| 245 | 0 | |a Modernization and stress in Japan | |
| 245 | 0 | |c Edited by Toyomasa Fusé | |
| 260 | |a Leiden | ||
| 260 | |b E. J. Brill | ||
| 260 | |c 1975 | ||
| 650 | |a Japan,Japan,Japan | ||
| 650 | |x Social conditions,Economic conditions,Politics and government | ||
| 650 | |y 1945-,1945-1989,1945- | ||
| 904 | |i Giang | ||
| 980 | |a Trung tâm Học liệu Trường Đại học Cần Thơ | ||